Регионална библиотека "Любен Каравелов" - Русе

Тестове и самостоятелни работи по математика за ІV клас (Запис номер 73221)

MARC детайли
000 -Лидер
Контролно поле с фиксирана дължина 01579nam a2200385 c 4500
003 - Код на организацията, давaща контролен номер
Контролно поле BLK
005 - Дата и час на последна редакция
Контролно поле 20240621134921.0
008 - Елементи от данни с фиксирана дължина
fixed length control field 180408b bul|||||r ||||||| ||bul||
010 ## - Наследен системен номер
LC control number KNG00077606000
020 ## - Международен стандартен номер на книга ISBN
Международен стандартен номер на книга ISBN 954-18-0504-3
040 ## - Източник на каталожния запис
Идентификатор на билиотеката - собственик на записа BLK
041 ## - Код за език
Код за езика на текст/звукозапис или на отделно заглавие Български
Код за езика КДБФ Български
080 ## - УДК
Текстов определител УДК Основи на математиката в основното образование
УДК код - определител по УДК 372.47
УДК определител (076)(075.2)
УДК - код + определител 372.47(076)(075.2)
100 1# - Редна дума - Автор
Автор Богданова, Мариана Андреева
Авторска отговорност първи автор
R(LIN) 365161
139 ## - Редно поле
Редна дума Богданова, Мариана Андреева и др.
Авторски знак Бог - Б 54
245 10 - Сведения за заглавието
Заглавие Тестове и самостоятелни работи по математика за ІV клас
Редно поле (дума) Мариана Андреева Богданова; съавт. Мария Петрова Темникова.
257 ## - Страна на издаване
Страна на създаване/издаване България
260 ## - Област на издателските данни
Име на издателя, разпространителя и проч. Булвест 2000
Година на издаване 2006
Печатница София : Вулкан 4
Място на издаване, разпространение и проч. София
300 ## - Физическа характеристика
Страници 68 с.
Илюстрации и др. с ил., табл., сх.
Размери/Мащаб 28 см
380 ## - Жанр
Жанр Обществени науки
500 ## - Общи забележки
Забележка Доп. тир. 2008.
650 #4 - Допълнително описание по предмет – тема
Основно описание – тема или топоним Математика - учебници за основни училища
9 (RLIN) 243462
653 ## - Ключова дума – ненормативна
Ключова дума математика
653 ## - Ключова дума – ненормативна
Ключова дума тестове
653 ## - Ключова дума – ненормативна
Ключова дума учебни помагала
653 ## - Ключова дума – ненормативна
Ключова дума ІV кл.
700 1# - Други автори (авторска отговорност)
Лично име Темникова, Мария Петрова
Автороска отговорност (Описва отношението между автора и произведението) съавт.
9 (RLIN) 296292
852 ## - Местоположение
Форматна сигнатура Цб ІІ 14710
856 4# - Електронен адрес и достъп
Електронен формат pdf - файл
856 4# - Електронен адрес и достъп
Електронен формат pdf - файл
999 ## - СИСТЕМНИ КОНТРОЛНИ НОМЕРА
Koha biblionumber 73221
Koha biblioitemnumber 73221
942 ## - АРТИКУЛИ
Вид на библиотечния материал Книги
Скрит в OPAC Не
Koha issues (borrowed), all copies 13
Периодичен библиозапис Да
944 ## - СЪЗДАВАНЕ И РЕДАКЦИЯ на ЗАПИСА
Създаване/Редакция Създаване
Дата на регистрацията/редакция 21.08.2007
Служител, извършил регистрацията/редакцията 30537
Статус, дата на статуса Грета Цуфелде
944 ## - СЪЗДАВАНЕ И РЕДАКЦИЯ на ЗАПИСА
Създаване/Редакция Редакция
Дата на регистрацията/редакция 04.11.2008
999 ## - СИСТЕМНИ КОНТРОЛНИ НОМЕРА
Koha biblioitemnumber 73221
Наличности
Код за отписване Код за изгубен артикул Източник на класификационната схема Код за повреда Коз за рестрикции Код за отдаване Артикулен № Име на библиотеката - собственик Име на библиотеката, в която се намира в момента Статус (Текущо местоположение) Дата на вписване в системата Местоположение - отдел Цена в лева Инвентарен номер Систематично азбучна сигнатура Баркод Номер на екземпляра Цена в евро Служебна бележка Служебен тип на артикула
  Не е изгубен Universal Decimal Classification Не е повреден без рестрикции ползва се в читалня 119032 Регионална библиотека "Любен Каравелов" Русе Регионална библиотека "Любен Каравелов" Русе Хранилище 2007-08-21 Хранилище 3.50 120000716880 Цб ІІ 14710 120000716880 1 1.79 Дост: Dp Вид: Д N: 15 Дата: 22.03.2007 Книги
  Не е изгубен Universal Decimal Classification Не е повреден без рестрикции заемане за дома 119033 Регионална библиотека "Любен Каравелов" Русе Регионална библиотека "Любен Каравелов" Русе Детски отдел 2008-10-17 Детски отдел 4.00 120000730674 ДН 373.3.016:51/Б 54 М 120000730674 2 2.05 Дост: Pk Вид: Ф N: 8705 Дата: 14.10.2008 Дата инв: 21.08.2015 Бележки инв: Д2015 Книги
Изтеглен Не е изгубен Universal Decimal Classification Не е повреден без рестрикции заемане за дома 119034 Регионална библиотека "Любен Каравелов" Русе Регионална библиотека "Любен Каравелов" Русе Детски отдел 2008-10-17 Детски отдел 4.00 120000730675 ДН 372.47/Б 54 120000730675 3 2.05 Дост: Pk Вид: Ф N: 8705 Дата: 14.10.2008 Дата инв: 21.08.2015 Бележки инв: Д2015 Книги
Изтеглен Не е изгубен   Не е повреден без рестрикции заемане за дома 119035 Регионална библиотека "Любен Каравелов" Русе Регионална библиотека "Любен Каравелов" Русе Детски отдел 2008-10-17 Детски отдел 4.00 120000730676 ДН 372.47/Б 54 120000730676 4 2.05 Дост: Pk Вид: Ф N: 8705 Дата: 14.10.2008 Дата инв: 21.08.2015 Бележки инв: Д2015 Книги
Vip Innovations Ltd, Rousse, Bulgaria 2025